Проект постановления ЦИК и СНК Союза ССР об освобождении РКИ от ряда принадлежащих ей функций

Доступно только в Электронных читальных залах Найти на картеНа карте
RUSMARC
00003924nac2a22002653x 450
001c5763df5-3a34-4de1-88dd-176ff8abd468
00520211229140217.0
100##$a20211217l19231923k y0rusy50 ca
1010#$arus
102##$aRU
105##$ay z |||||
1222#$ad19230906
$ad19230907
2001#$aПроект постановления ЦИК и СНК Союза ССР об освобождении РКИ от ряда принадлежащих ей функций
$j06.09.1923 - 07.09.1923
215##$a8 листов
251##$cДело
300##$aВ деле обратная нумерация листов
300##$aМашинописный текст
461#0$1001796d4672-8a00-4986-b488-6e42273792cc
$12001
$aЦЕНТРАЛЬНЫЙ ИСПОЛНИТЕЛЬНЫЙ КОМИТЕТ СССР (ЦИК СССР)
$1251
$cФонд
$1852
$j3316
$gР
462#0$1001d81d78ba-90cd-45b2-ad22-902d2acd00dd
$12001
$aДела Секретариата Президиума ЦИК Союза ССР за 1923 г.
$vД. 104
$1251
$cОпись
$1852
$j16
60101$3RU\NLR\AUTH\880357276
$aСССР
$bЦИК
60101$3RU\NLR\AUTH\8810020782
$aСССР
$bСовет Народных Комиссаров
60102$3RU\NLR\AUTH\66393872
$aРабоче-крестьянская инспекция
801#0$aRU
$bGA_RF
801#1$aRU
$bГлавНИВЦ
$c20211217
$2rusmarc
801#2$aRU
$bПБ им. Б.Н. Ельцина
$c20211229
$gRCR
$2rusmarc
852##$aГА РФ
$j104
937##$d172213875
$hГАРФ
035##$aRuPRLIB51063631
856##$uhttp://readingroom.main.prlib.ru/item.aspx?id_node=n172213875&mode=full
Формат отображения